000
00278nam a22001097a 4500
082
_a
P-157
_b
P-157
100
_a
M. Shadab Lodhi
_9
47512
245
_a
Highway project
_c
M. Shadab Lodhi, Javed Iqbal
526
_a
0
_b
0
_c
0
_d
P_157_P157
650
_a
Project
_9
47513
942
_2
ddc
_c
BK
999
_c
550742
_d
550742